[Event "Karl Mala Memorial op 11th"]
[Site "Frankfurt"]
[Date "2008.06.28"]
[Round "4"]
[White "Wieland, Hendrik Ido"]
[Black "Hillgaertner, Walter"]
[Result "1-0"]
[WhiteElo "1825"]
[BlackElo "2049"]
[PlyCount "125"]
[EventDate "2008.06.26"]
[EventType "swiss"]
[EventRounds "7"]
[EventCountry "GER"]
[SourceTitle "CBM 125 Extra"]
[Source "ChessBase"]
[SourceDate "2008.09.01"]
[SourceVersion "1"]
[SourceVersionDate "2008.09.01"]
[SourceQuality "1"]

1. d4 Nf6 2. c4 g6 3. Nc3 Bg7 4. e4 d6 5. Nf3 0-0 6. Be2 Nbd7 7. 0-0 e5 8. d5 Nc5 9. Nd2 a5 10. a3 Bd7 11. b3 Bh6 12. Qc2 Ng4 13. Rb1 f5 14. Bxg4 fxg4 15. b4 axb4 16. axb4 Na6 17. Ne2 Qe7 18. Ba3 b5 19. Bc1 Bg7 20. Nc3 bxc4 21. Nxc4 Rfb8 22. b5 Nc5 23. Be3 h5 24. Bxc5 dxc5 25. b6 cxb6 26. Nxb6 Ra6 27. Nxd7 Rxb1 28. Rxb1 Qxd7 29. Nb5 Bf8 30. Qc4 Kh7 31. Qc3 Rb6 32. Qc4 Qb7 33. Qf1 h4 34. Nc3 Rb4 35. Rd1 Bd6 36. Qe2 Rb3 37. Rc1 Qb4 38. Nd1 Qa3 39. Qc2 Rb4 40. Ne3 Rb2 41. Qd1 g3 42. Nc4 gxf2+ 43. Kh1 Qa2 44. Nxb2 Qxb2 45. h3 Qb4 46. Qe2 Qa3 47. Rf1 c4 48. Qxf2 c3 49. Qxh4+ Kg7 50. Qf6+ Kh6 51. Kh2 c2 52. Qh4+ Kg7 53. Qe1 Bb4 54. Qc1 Qd3 55. Rf2 Qxe4 56. Qxc2 Qxd5 57. Qb2 Bd6 58. Rd2 Qc6 59. Qc2 e4+ 60. Kh1 Qxc2 61. Rxc2 Kf6 62. g4 Ke5 63. Kg2 1-0

[Event "Karl Mala Memorial op 11th"]
[Site "Frankfurt"]
[Date "2008.06.26"]
[Round "1"]
[White "Reschke, Stefan"]
[Black "Wieland, Hendrik Ido"]
[Result "1-0"]
[WhiteElo "2360"]
[BlackElo "1825"]
[PlyCount "135"]
[EventDate "2008.06.26"]
[EventType "swiss"]
[EventRounds "7"]
[EventCountry "GER"]
[SourceTitle "CBM 125 Extra"]
[Source "ChessBase"]
[SourceDate "2008.09.01"]
[SourceVersion "1"]
[SourceVersionDate "2008.09.01"]
[SourceQuality "1"]

1. Nf3 c5 2. b3 Nc6 3. Bb2 e6 4. e3 Nf6 5. Bb5 Be7 6. Bxc6 bxc6 7. d3 d6 8. 0-0 0-0 9. Nbd2 e5 10. h3 Qc7 11. Qe1 Nd7 12. d4 cxd4 13. exd4 f6 14. Qe3 c5 15. dxe5 fxe5 16. c4 Rf4 17. Rfe1 Bb7 18. Qxf4 exf4 19. Rxe7 Qc6 20. Rxg7+ Kf8 21. Rxh7 Re8 22. Rh4 Ne5 23. Rxf4+ Kg8 24. Re1 Nd3 25. Rg4+ Kf8 26. Bg7+ Kf7 27. Rxe8 Qxe8 28. Bh6 Bxf3 29. Nxf3 Ne5 30. Nxe5+ Qxe5 31. Rg3 Qa1+ 32. Kh2 Qxa2 33. Bf4 Ke6 34. Re3+ Kd7 35. Rd3 Qxf2 36. Bxd6 Kc6 37. Rd5 a5 38. Bxc5 Qf4+ 39. Kh1 Qc1+ 40. Bg1 Qc3 41. Rf5 Qxb3 42. Rxa5 Qd1 43. Ra6+ Kb7 44. Rb6+ Kc7 45. c5 Qc1 46. Rf6 Qa1 47. Rf3 Kc6 48. Rf5 Qg7 49. Rf1 Qe5 50. Rb1 Qc3 51. Rd1 Qg3 52. Rf1 Qc3 53. Rf3 Qa1 54. Re3 Qf6 55. Re1 Qf5 56. Be3 Qe4 57. Bf2 Qf5 58. Kg1 Qf4 59. h4 Kd5 60. Rd1+ Ke6 61. Rd4 Qc1+ 62. Kh2 Qb2 63. Rd6+ Kf5 64. Bg3 Qc3 65. c6 Kg4 66. Rg6+ Kh5 67. Rg5+ Kh6 68. c7 1-0

[Event "Karl Mala Memorial op 10th"]
[Site "Griesheim"]
[Date "2006.07.23"]
[Round "7"]
[White "Wieland, Hendrik Ido"]
[Black "Zobel, Thomas"]
[Result "0-1"]
[WhiteElo "1684"]
[BlackElo "2059"]
[PlyCount "44"]
[EventDate "2006.07.20"]
[EventType "swiss"]
[EventRounds "7"]
[EventCountry "GER"]
[SourceTitle "CBM 113 Extra"]
[Source "ChessBase"]
[SourceDate "2006.09.14"]
[SourceVersion "1"]
[SourceVersionDate "2006.09.14"]
[SourceQuality "1"]

1. d4 Nf6 2. c4 e6 3. Nc3 d5 4. Bg5 Nbd7 5. e3 c6 6. Nf3 Qa5 7. Bxf6 Nxf6 8. a3 Bd6 9. Bd3 Qd8 10. Qc2 0-0 11. 0-0 Qe7 12. e4 dxc4 13. Bxc4 e5 14. dxe5 Bxe5 15. Nxe5 Qxe5 16. Kh1 Ng4 17. g3 Qh5 18. h4 g5 19. Kg2 gxh4 20. Rh1 h3+ 21. Kg1 Ne5 22. Ne2 h2+ 0-1

[Event "Karl Mala Memorial op 10th"]
[Site "Griesheim"]
[Date "2006.07.22"]
[Round "5"]
[White "Wieland, Hendrik Ido"]
[Black "Beherzig, Ralf"]
[Result "1-0"]
[WhiteElo "1684"]
[BlackElo "2054"]
[PlyCount "51"]
[EventDate "2006.07.20"]
[EventType "swiss"]
[EventRounds "7"]
[EventCountry "GER"]
[SourceTitle "CBM 113 Extra"]
[Source "ChessBase"]
[SourceDate "2006.09.14"]
[SourceVersion "1"]
[SourceVersionDate "2006.09.14"]
[SourceQuality "1"]

1. d4 Nf6 2. c4 g6 3. Nc3 d5 4. Nf3 Bg7 5. e3 0-0 6. Bd3 Nc6 7. cxd5 Nxd5 8. 0-0 Ncb4 9. e4 Nxc3 10. bxc3 Nxd3 11. Qxd3 Bg4 12. Nd2 c6 13. f4 e5 14. Ba3 Re8 15. fxe5 Bxe5 16. Nf3 Qd7 17. h3 Bxf3 18. Rxf3 Bd6 19. Bb2 Rad8 20. Qc2 Qe7 21. Re1 Qh4 22. Re2 Rd7 23. e5 Bf8 24. Qb3 b5 25. e6 fxe6 26. Rxe6 1-0

[Event "NRW Holiday U16"]
[Site "Wewelsburg"]
[Date "2003.09.09"]
[Round "5"]
[White "Wieland, Hendrik Ido"]
[Black "Bruedigam, Jannis"]
[Result "1-0"]
[WhiteElo "1369"]
[BlackElo "1073"]
[PlyCount "95"]
[EventDate "2003.09.??"]
[EventType "swiss"]
[EventRounds "7"]
[EventCountry "GER"]
[SourceTitle "EXT 2005"]
[Source "ChessBase"]
[SourceDate "2004.11.15"]
[SourceVersion "1"]
[SourceVersionDate "2004.11.15"]
[SourceQuality "1"]

1. d4 d5 2. c4 Nc6 3. Nc3 dxc4 4. Nf3 Nf6 5. Bg5 Bf5 6. e3 Nb4 7. Qa4+ Nc6 8. Bxf6 exf6 9. d5 b5 10. Qxb5 Bd6 11. Qxc6+ Bd7 12. Qxc4 Rb8 13. Qe2 Bb4 14. Qc2 g6 15. a3 Ba5 16. b4 Bb6 17. Na4 f5 18. Nxb6 Qf6 19. Nd4 cxb6 20. Qc7 Rc8 21. Qxa7 f4 22. Qa6 fxe3 23. fxe3 Qh4+ 24. g3 Qe4 25. Rg1 0-0 26. Qd3 Qxd5 27. Kf2 Bg4 28. Bg2 Qd6 29. Rgf1 Bf5 30. Qe2 Qf6 31. Qf3 Rfe8 32. Nxf5 Rc2+ 33. Kg1 gxf5 34. Qxf5 Qxf5 35. Rxf5 Rxe3 36. Rf2 Rcc3 37. Rf6 Rc2 38. Rf2 Rcc3 39. a4 Ra3 40. Rfa2 Re1+ 41. Rxe1 Rxa2 42. Bc6 f6 43. Rb1 Kf7 44. a5 bxa5 45. b5 Rd2 46. b6 Rd8 47. b7 Rb8 48. Ra1 1-0

[Event "NRW-Ferienturnier U16"]
[Site "Wewelsburg"]
[Date "2001.08.18"]
[Round "7"]
[White "Wieland, Hendrik Ido"]
[Black "Wiersma, Friederike"]
[Result "0-1"]
[WhiteElo "1073"]
[BlackElo "1305"]
[PlyCount "94"]
[EventDate "2001.08.??"]
[EventType "swiss"]
[EventRounds "7"]
[EventCountry "GER"]
[SourceTitle "EXT 2003"]
[Source "ChessBase"]
[SourceDate "2002.11.25"]
[SourceVersion "1"]
[SourceVersionDate "2002.11.25"]
[SourceQuality "1"]

1. e4 b6 2. Nc3 c5 3. Bc4 e6 4. d3 Nc6 5. Nf3 Nf6 6. 0-0 Be7 7. Bf4 d5 8. exd5 exd5 9. Bb5 Bb7 10. Qe2 0-0 11. Rfe1 Bd6 12. Bxd6 Qxd6 13. Bxc6 Bxc6 14. Qe7 Qxe7 15. Rxe7 d4 16. Ne5 Bxg2 17. Kxg2 dxc3 18. bxc3 Nd5 19. Rd7 Nxc3 20. Nc6 Nb5 21. c4 Nd4 22. Nxd4 cxd4 23. Rxd4 Rfe8 24. Rb1 Re2 25. a3 g6 26. Rd5 Rc2 27. Rd1 Rc3 28. a4 Ra3 29. c5 bxc5 30. Rxc5 Rxa4 31. d4 Rd8 32. d5 Rb4 33. d6 Rb6 34. d7 Rbb8 35. Rc7 Ra8 36. Kf3 Kf8 37. Ke4 Ke7 38. Kf4 a5 39. Re1+ Kd6 40. Rc3 Rxd7 41. Rd3+ Kc7 42. Rxd7+ Kxd7 43. Ke3 Ke6 44. Kd4+ Kf5 45. Re7 f6 46. Rxh7 a4 47. Kc3 a3 0-1